000 00357nam a2200133Ia 4500
005 20260326235505.0
008 260326s9999||||xx |||||||||||||| ||und||
100 _aStuart, Gene S.
245 0 _aAmerica's Ancient Cities /
_cGene S. Stuart
260 _bNational Geographic Society
300 _a199 p.
650 _aARQUITECTURA MESOAMÉRICANA
942 _cBK
999 _c8145
_d8145